Social Dimensions of Moral Responsibility (Record no. 96635)

MARC details
000 -LEADER
fixed length control field 02628nam a2200253Ii 4500
008 - FIXED-LENGTH DATA ELEMENTS--GENERAL INFORMATION
fixed length control field 221202s xx 000 0 und d
245 #0 - TITLE STATEMENT
Title Social Dimensions of Moral Responsibility
264 #1 - PRODUCTION, PUBLICATION, DISTRIBUTION, MANUFACTURE, AND COPYRIGHT NOTICE
Place of production, publication, distribution, manufacture Oxford
Name of producer, publisher, distributor, manufacturer Oxford University Press
Date of production, publication, distribution, manufacture, or copyright notice 2018
300 ## - PHYSICAL DESCRIPTION
Extent 1 online resource
336 ## - CONTENT TYPE
Content type term text
Content type code txt
Source rdacontent
337 ## - MEDIA TYPE
Media type term computer
Media type code c
Source rdamedia
338 ## - CARRIER TYPE
Carrier type term online resource
Carrier type code cr
Source rdacarrier
520 ## - SUMMARY, ETC.
Summary, etc. Philosophical theorizing about moral responsibility has recently taken a "social" turn, marking a shift in focus from traditional metaphysical concerns about free will and determinism. Yet despite this social turn, the implications of structural injustice and inequalities of power for theorizing about moral responsibility remain surprisingly neglected in philosophical literature. Recent theories have attended to the interpersonal dynamics at the heart of moral responsibility practices, and the role of the moral environment in scaffolding agential capacities. However, they assume an overly idealized conception of agency and of our moral responsibility practices as reciprocal exchanges between equally empowered and situated agents. The essays in this volume systematically challenge this assumption. Leading theorists of moral responsibility, including Michael McKenna, Marina Oshana, and Manuel Vargas, consider the implications of oppression and structural inequality for their respective theories. Neil Levy urges the need to refocus our analyses of the epistemic and control conditions for moral responsibility from individual to socially extended agents. Leading theorists of relational autonomy, including Catriona Mackenzie, Natalie Stoljar, and Andrea Westlund develop new insights into the topic of moral responsibility. Other contributors bring debates about moral responsibility into dialogue with recent work in feminist philosophy, and topics such as epistemic injustice, implicit bias and blame. Collectively, the essays in this volume reorient philosophical debates about moral responsibility in important new directions.
653 ## - INDEX TERM--UNCONTROLLED
Uncontrolled term Moral Responsibility, Moral Agency, Oppression, Structural Inequality, Power, Feminist Philosophy, Relational Autonomy, Epistemic Injustice, Implicit Bias, Blame
700 1# - ADDED ENTRY--PERSONAL NAME
Personal name 0000-0002-5817-7488
700 1# - ADDED ENTRY--PERSONAL NAME
Personal name 0000-0003-0266-2000
700 1# - ADDED ENTRY--PERSONAL NAME
Personal name 600
700 1# - ADDED ENTRY--PERSONAL NAME
Personal name 600
700 1# - ADDED ENTRY--PERSONAL NAME
Personal name Hutchison, Katrina
700 1# - ADDED ENTRY--PERSONAL NAME
Personal name Mackenzie, Catriona
700 1# - ADDED ENTRY--PERSONAL NAME
Personal name Oshana, Marina
856 ## - ELECTRONIC LOCATION AND ACCESS
Uniform Resource Identifier <a href="https://docs.google.com/spreadsheets/d/1yKIrdCPDAG_9c22mwoOIO2DOhtj65Wqa/edit?usp=sharing&ouid=106555315294820607512&rtpof=true&sd=true ">https://docs.google.com/spreadsheets/d/1yKIrdCPDAG_9c22mwoOIO2DOhtj65Wqa/edit?usp=sharing&ouid=106555315294820607512&rtpof=true&sd=true </a>
Link text List of Curated E-Books
942 ## - ADDED ENTRY ELEMENTS (KOHA)
Koha item type E-Book

No items available.

University of Rizal System
Email us at univlibservices@urs.edu.ph

Visit our Website www.urs.edu.ph/library